| 000 | 00777nam a2200229 a 4500 | ||
|---|---|---|---|
| 001 | 000049184 | ||
| 003 | DO-SdBNP | ||
| 005 | 20240830175720.0 | ||
| 007 | ta | ||
| 008 | 190725s1994 dr r 000 0 spa d | ||
| 040 |
_aDO-SdBNP _bspa _cBNPHU |
||
| 082 | 4 |
_a345.7293 _bD922c _222 |
|
| 100 | 1 |
_aDunlop, Víctor Máximo Charles _986486 |
|
| 245 | 1 | 0 |
_aCurso de derecho penal especial : _brevisado / _cVíctor Máximo Charles Dunlop |
| 260 |
_aSanto Domingo : _bLibrería la Filantrópica, _c1994. |
||
| 300 |
_a594 p. ; _c21 cm. |
||
| 500 | _aIncluye referencias bibliográficas y notas al pie de las páginas | ||
| 590 | _aInventariado, 2019 / DG | ||
| 650 | 0 |
_aDerecho penal _zRepública Dominicana _917405 |
|
| 910 | _aValidado.Control de calidad MFF | ||
| 942 |
_2ddc _cLBS1 |
||
| 999 |
_c48672 _d48672 |
||